The great seasons / (Record no. 544576)
[ view plain ]
| 000 -LEADER | |
|---|---|
| fixed length control field | 00738cam a2200205 a 4500 |
| 020 ## - INTERNATIONAL STANDARD BOOK NUMBER | |
| International Standard Book Number | 0340257202 : |
| 082 00 - DEWEY DECIMAL CLASSIFICATION NUMBER | |
| Classification number | 575 |
| Author Mark | BEL |
| -- | D |
| 100 1# - MAIN ENTRY--PERSONAL NAME | |
| Personal name | Bellamy, David J. |
| 9 (RLIN) | 40235 |
| 245 14 - TITLE STATEMENT | |
| Title | The great seasons / |
| Statement of responsibility, etc. | presented in words by David Bellamy and in pictures by Sheila Mackie. |
| 260 ## - PUBLICATION, DISTRIBUTION, ETC. | |
| Place of publication, distribution, etc. | London : |
| Name of publisher, distributor, etc. | Hodder & Stoughton in association with Oriel Press, |
| Date of publication, distribution, etc. | 1981. |
| 300 ## - PHYSICAL DESCRIPTION | |
| Extent | 153 p., 70 leaves of plates : |
| Other physical details | col. ill. ; |
| Dimensions | 25 cm. |
| 526 ## - STUDY PROGRAM INFORMATION NOTE | |
| Program name | 0 |
| Interest level | 0 |
| Reading level | 0 |
| Title point value | 575_000000000000000_BEL |
| 650 #0 - SUBJECT ADDED ENTRY--TOPICAL TERM | |
| Topical term or geographic name entry element | Bioclimatology |
| Geographic subdivision | England. |
| 9 (RLIN) | 40236 |
| 650 #0 - SUBJECT ADDED ENTRY--TOPICAL TERM | |
| Topical term or geographic name entry element | Evolution (Biology) |
| 9 (RLIN) | 12170 |
| 650 #0 - SUBJECT ADDED ENTRY--TOPICAL TERM | |
| Topical term or geographic name entry element | Glacial epoch |
| Geographic subdivision | England. |
| 9 (RLIN) | 40237 |
| 650 #0 - SUBJECT ADDED ENTRY--TOPICAL TERM | |
| Topical term or geographic name entry element | MCE |
| 9 (RLIN) | 379 |
| 650 #0 - SUBJECT ADDED ENTRY--TOPICAL TERM | |
| Topical term or geographic name entry element | Natural history |
| Geographic subdivision | England. |
| 9 (RLIN) | 40238 |
| 700 1# - ADDED ENTRY--PERSONAL NAME | |
| Personal name | Mackie, Sheila. |
| 9 (RLIN) | 40239 |
| 942 ## - ADDED ENTRY ELEMENTS (KOHA) | |
| Source of classification or shelving scheme | |
| Koha item type | Book |
| Withdrawn status | Lost status | Source of classification or shelving scheme | Damaged status | Not for loan | Permanent Location | Current Location | Date acquired | Total Checkouts | Full call number | Barcode | Date last seen | Date last checked out | Price effective from | Koha item type |
|---|---|---|---|---|---|---|---|---|---|---|---|---|---|---|
| Military College of Engineering (MCE) | Military College of Engineering (MCE) | 05/08/2014 | 1 | 575 BEL | MCE-35139 | 05/09/2014 | 05/09/2014 | 05/08/2014 | Book |
